Perception of self and brand preference /
Saved in:
| Main Author: | |
|---|---|
| Format: | Thesis Book |
| Language: | English |
| Published: |
1984.
|
| Subjects: | |
| Tags: |
Add Tag
No Tags, Be the first to tag this record!
|
| LEADER | 01434cam a2200349 4500 | ||
|---|---|---|---|
| 001 | u36663 | ||
| 003 | SIRSI | ||
| 008 | 850627s1984 my t 00 1 eng m | ||
| 035 | |a AAD-9464 | ||
| 040 | |a UMM |d UME | ||
| 043 | |a a-my--- | ||
| 090 | |a HF5415.3 |b Lee | ||
| 099 | |a 658.834 3 |b Lee | ||
| 091 | |a Microfiche 13190 | ||
| 100 | 1 | 0 | |a Lee, Yau Pin. |
| 245 | 1 | 0 | |a Perception of self and brand preference / |c by Lee Yau Pin. |
| 260 | |c 1984. | ||
| 300 | |a viii, 109 leaves : |b ill. ; |c 30 cm. | ||
| 500 | |a Photocopy. | ||
| 500 | |a Microfiche. Kuala Lumpur : University of Malaya Library, 1997. 2 fiches : negative ; 11 x 15 cm. | ||
| 502 | |a Dissertation (M.B.A.) -- Fakulti Ekonomi dan Pentadbiran, University of Malaya, 1984. | ||
| 504 | |a Bibliography: leaves 106-109. | ||
| 650 | 0 | |a Brand choice |z Malaysia. | |
| 650 | 0 | |a Consumers' preferences |z Malaysia. | |
| 650 | 0 | |a Consumers |z Malaysia |x Attitudes. | |
| 650 | 0 | |a Self-perception |x Testing. | |
| 948 | |a 16/03/1991 |b 25/11/2000 | ||
| 596 | |a 1 9 | ||
| 999 | |a HF5415.3 LEE |w LC |c 1 |i A002709742 |d 11/3/2002 |l B_KOM4 |m P01UTAMA |n 12 |r Y |s Y |t TESIS |u 5/6/1992 |o .PUBLIC. BKOM4:30613 | ||
| 999 | |a HF5415.3 LEE |w LC |c 2 |i A002709733 |d 20/2/2002 |l STACKS |m P01UTAMA |n 22 |r Y |s Y |t TESIS |u 26/1/1993 | ||
| 999 | |a TESIS 658.834 3 LEE |w LC |c 1 |i A506301371 |l DISCARD |m P09EKONOMI |r Y |s Y |t TESIS |u 9/10/1997 | ||
| 999 | |a TESIS 658.834 3 LEE |w LC |c 2 |i A506301559 |d 28/2/2002 |l DISCARD |m P09EKONOMI |n 1 |r Y |s Y |t TESIS |u 9/10/1997 | ||
